| 000 | 01173cam a22002174a 4500 | ||
|---|---|---|---|
| 005 | 20250605164009.0 | ||
| 008 | 250528s ||||||||||||||||||||||||d | ||
| 035 | _a15899 | ||
| 020 | _a1558603751 | ||
| 040 |
_aGR-AtMCL _bgre _dGR-AtMCL _eAACR2 |
||
| 245 | 1 | _aWavelets for Computer Graphics / Theory and Applications | |
| 260 |
_bMorgan Kaufmann Publishers, Inc, _c1996 |
||
| 300 | _a248 | ||
| 520 | _aThis distinctly accessible introduction to wavelets provides computer graphics professional and researchers with the mathematical foundations for understanding and applying this new and powerful tool. Introduction, Images, HAAR: The Simplest Wavelet Basis, Image Compression, Image Editing, Image Querying, Curves, Subvision Curves, The Theory of Multiresolution Analysis, Multiresolution Curves, Multiresolution Tiling, Surfaces, Surface Wavelets, Surface Applications, Physical Simulation, Variational Modeling, Global Illumination, Further Reading, Appendices, Bibliography, Index. | ||
| 700 | 1 |
_aDerose D. Tony _91929 |
|
| 700 | 1 |
_aSalesin H. David _91930 |
|
| 700 | 1 |
_aStollnitz J. Eric _91931 |
|
| 942 | _cBK | ||
| 999 |
_c1447 _d1447 |
||